Sports Quiz

Random Sports or World Cup Quiz

Anyone But Ivan Ergic Quiz Stats

 Plays Quiz not verified by Sporcle

Score 0/39 Timer 13:00
0 Plays Today
Hint Answer % Correct
Played 2 or more games in 2006 FIFA World Cup for Serbia and Montenegro (reached Group stage, Ergic played 2 games)Dejan Stankovic
82.9%
Scored 30 or more goals in Swiss Super League for Basel since 2001-02 (as of 09/2018, Ergic scored 30)Alexander Frei
81.8%
Played 2 or more games in 2006 FIFA World Cup for Serbia and Montenegro (reached Group stage, Ergic played 2 games)Mateja Kezman
62.1%
Debuted for Serbia and Montenegro in 2006 and made 10 or more International appearances (as of 07/2018, Ergic 11 appearances from 2006 to 2008)Vladimir Stojkovic
53.5%
Played 2 or more games in 2006 FIFA World Cup for Serbia and Montenegro (reached Group stage, Ergic played 2 games)Savo Milosevic
51.7%
Scored 30 or more goals in Swiss Super League for Basel since 2001-02 (as of 09/2018, Ergic scored 30)Marco Streller
45.7%
Basel players at 2006 FIFA World CupPascal Zuberbuhler
43.1%
Basel players at 2006 FIFA World CupScott Chipperfield
39.8%
Scored 30 or more goals in Swiss Super League for Basel since 2001-02 (as of 09/2018, Ergic scored 30)Scott Chipperfield
39.8%
Played 2 or more games in 2006 FIFA World Cup for Serbia and Montenegro (reached Group stage, Ergic played 2 games)Nikola Zigic
39.4%
Played for Basel since 2000 and with 1 or more appearances for a former Yugoslavian team (as of 09/2018)Mladen Petric
37.9%
Scored 30 or more goals in Swiss Super League for Basel since 2001-02 (as of 09/2018, Ergic scored 30)Mladen Petric
37.9%
Played 2 or more games in 2006 FIFA World Cup for Serbia and Montenegro (reached Group stage, Ergic played 2 games)Mladen Krstajic
36.8%
Played for Basel since 2000 and with 1 or more appearances for a former Yugoslavian team (as of 09/2018)Ivan Rakitic
34.6%
Scored 30 or more goals in Swiss Super League for Basel since 2001-02 (as of 09/2018, Ergic scored 30)Matias Delgado
34.2%
Played 2 or more games in 2006 FIFA World Cup for Serbia and Montenegro (reached Group stage, Ergic played 2 games)Danijel Ljuboja
32.7%
Played 2 or more games in 2006 FIFA World Cup for Serbia and Montenegro (reached Group stage, Ergic played 2 games)Nenad Djordjevic
32.3%
Played 2 or more games in 2006 FIFA World Cup for Serbia and Montenegro (reached Group stage, Ergic played 2 games)Predrag Djordjevic
32.3%
Played for Basel since 2000 and with 1 or more appearances for a former Yugoslavian team (as of 09/2018)Zdravko Kuzmanovic
30.1%
Scored 30 or more goals in Swiss Super League for Basel since 2001-02 (as of 09/2018, Ergic scored 30)Valentin Stocker
29.7%
Hint Answer % Correct
Debuted for Serbia and Montenegro in 2006 and made 10 or more International appearances (as of 07/2018, Ergic 11 appearances from 2006 to 2008)Milos Krasic
28.6%
Debuted for Serbia and Montenegro in 2006 and made 10 or more International appearances (as of 07/2018, Ergic 11 appearances from 2006 to 2008)Dusko Tosic
27.1%
Basel players at 2006 FIFA World CupKoji Nakata
25.3%
Played 2 or more games in 2006 FIFA World Cup for Serbia and Montenegro (reached Group stage, Ergic played 2 games)Goran Gavrancic
23.4%
Played 2 or more games in 2006 FIFA World Cup for Serbia and Montenegro (reached Group stage, Ergic played 2 games)Dragoslav Jevric
23%
Basel players at 2006 FIFA World CupMile Sterjovski
22.7%
Played 2 or more games in 2006 FIFA World Cup for Serbia and Montenegro (reached Group stage, Ergic played 2 games)Ognjen Koroman
22.7%
Scored 30 or more goals in Swiss Super League for Basel since 2001-02 (as of 09/2018, Ergic scored 30)Christian Gimenez
22.7%
Played 2 or more games in 2006 FIFA World Cup for Serbia and Montenegro (reached Group stage, Ergic played 2 games)Igor Duljaj
20.8%
Basel players at 2006 FIFA World CupDavid Degen
17.8%
Scored 30 or more goals in Swiss Super League for Basel since 2001-02 (as of 09/2018, Ergic scored 30)Julio Rossi
16.4%
Played 2 or more games in 2006 FIFA World Cup for Serbia and Montenegro (reached Group stage, Ergic played 2 games)Albert Nadj
15.2%
Scored 30 or more goals in Swiss Super League for Basel since 2001-02 (as of 09/2018, Ergic scored 30)Benjamin Huggel
14.9%
Played 2 or more games in 2006 FIFA World Cup for Serbia and Montenegro (reached Group stage, Ergic played 2 games)Milan Dudic
11.5%
Played for Basel since 2000 and with 1 or more appearances for a former Yugoslavian team (as of 09/2018)Andraz Sporar
10.8%
Debuted for Serbia and Montenegro in 2006 and made 10 or more International appearances (as of 07/2018, Ergic 11 appearances from 2006 to 2008)Bosko Jankovic
8.9%
Played 30 or more games in 2009-10 Turkish Superlig for Bursaspor (first and only time Champions as of 09/2018, Ergic played 30)Ali Tandogan
7.4%
Debuted for Serbia and Montenegro in 2006 and made 10 or more International appearances (as of 07/2018, Ergic 11 appearances from 2006 to 2008)Milan Bisevac
5.6%
Played 30 or more games in 2009-10 Turkish Superlig for Bursaspor (first and only time Champions as of 09/2018, Ergic played 30)Turgay Bahadir
3.7%

You're not logged in!

Compare scores with friends on all Sporcle quizzes.
OR
Log In

Sporcle TV

Today on Sporcle TV


Watch our educational content, quiz creation guides, and fun videos on Sporcle TV.

Show Comments

Extras

Top Quizzes Today


Score Distribution

Your Account Isn't Verified!

In order to create a playlist on Sporcle, you need to verify the email address you used during registration. Go to your Sporcle Settings to finish the process.

Report this User

Report this user for behavior that violates our Community Guidelines.

Details: